000 01581nam a2200397 c 4500
001 14582
003 ES-MaCES
005 20141221122321.0
008 030213s2001 sp t 100 | spa d
017 _aBI 50-2002
_bDL
020 _a847485783X
035 _aCES20030000943m
040 _aES-MaCES
_bspa
_cES-MaCES
041 1 _aspa
_heng
245 0 0 _aIdentidades culturales y minorías étnicas en Europa
_c[editado por] David Turton, Julia González Ferreras
260 _aBilbao
_bUniversidad de Deusto
_c2001
300 _a109 p.
_c22 cm
500 _aTraducción de: Cultural identities and ethnic minorities in Europe
500 _aEsta publ. surge de una Conferencia que se celebró en la Universidad de Deusto, en 1998, dentro del marco de la denominada "HumanitarianNet", Red temática sobre sobre estudios de desarrollo humanitario = Thematic network on humanitarian development studies
541 _cCompra
650 4 _aidentidad cultural
_929870
650 4 _agrupo étnico
_928524
650 4 _agrupo minoritario
_927311
650 4 _aintegración social
_927283
650 4 _aEuropa
_926940
650 4 _aestudio de casos
_928846
650 4 _aanálisis transcultural
_927258
653 1 0 _aCiencias Sociales-Políticas
700 1 _aTurton, David
_eed. lit.
_925272
700 1 _aGonzález Ferreras, Julia
_eed. lit.
_913806
710 2 _aUniversidad de Deusto
_eed.
_95271
740 0 2 _aCultural identities and ethnic minorities in Europe
902 _aLIB Libro
942 _2CES
_cBK
_h7.0.
999 _c14582
_d14582